000 00514nam a22001697a 4500
003 UA-OsUOA
001 19791
007 ta
008 20040926b un ||||| |||| 00| 0 ukr d
942 _cSA
040 _aUA-OsUOA
_cUA-OsUOA
_dUA-OsUOA
245 _aУ Здолбунові - новий міський голова [Ігор Ольшевський]
300 _aС.1
955 _a0
773 0 _w0
_tВільне слово
_dРівне
_d2004
_g№70/17 верес./
650 7 _aВиконавча влада
_2UDC
999 _c305964
_d305964